Groundwater and subsurface remediation : (Record no. 9640)

MARC details
000 -LEADER
fixed length control field 01107nac a22002771u 4500
010 ## - LIBRARY OF CONGRESS CONTROL NUMBER
LC control number 96012856
020 ## - INTERNATIONAL STANDARD BOOK NUMBER
International Standard Book Number 3540609164 (Berlin : hardcover : acid-free paper)
082 00 - DEWEY DECIMAL CLASSIFICATION NUMBER
Classification number 628.168
Item number GRO
090 ## - LOCALLY ASSIGNED LC-TYPE CALL NUMBER (OCLC); LOCAL CALL NUMBER (OCLC)
-- 9640
-- 9640
100 ## - MAIN ENTRY--PERSONAL NAME
Personal name 20080729
245 00 - TITLE STATEMENT
Title Groundwater and subsurface remediation :
Remainder of title research strategies for in-situ technologies /
Statement of responsibility, etc Helmut Kobus, Baldur Barczewski, Hans-Peter Koschitzky (Hrsg.).
260 ## - PUBLICATION, DISTRIBUTION, ETC. (IMPRINT)
Place of publication, distribution, etc Berlin ;
-- New York :
Name of publisher, distributor, etc Springer,c1996.
Date of publication, distribution, etc c1996.
300 ## - PHYSICAL DESCRIPTION
Extent ix, 337 p. :
Other physical details ill. (some col.), maps (some col.) ;
Dimensions 24 cm.
490 1# - Series Statement
Series statement Environmental engineering
500 ## - GENERAL NOTE
General note Distributer: Al-Ahram.
504 ## - BIBLIOGRAPHY, ETC. NOTE
Bibliography, etc Includes bibliographical references and index.
511 ## - PARTICIPANT OR PERFORMER NOTE
Participant or performer note Catalogued By: Mahitab.
650 #0 - SUBJECT ADDED ENTRY--TOPICAL TERM
Topical term or geographic name as entry element Groundwater
General subdivision Purification.
650 #0 - SUBJECT ADDED ENTRY--TOPICAL TERM
Topical term or geographic name as entry element Soil remediation.
650 #0 - SUBJECT ADDED ENTRY--TOPICAL TERM
Topical term or geographic name as entry element In situ remediation.
700 1# - ADDED ENTRY--PERSONAL NAME
Personal name Kobus, Helmut.
700 1# - ADDED ENTRY--PERSONAL NAME
Personal name Barczewski, Baldur,
Dates associated with a name 1943-
700 1# - ADDED ENTRY--PERSONAL NAME
Personal name Koschitzky, Hans-Peter,
Dates associated with a name 1953-
830 #0 - SERIES ADDED ENTRY--UNIFORM TITLE
Uniform title Environmental engineering (Berlin, Germany)
942 ## - ADDED ENTRY ELEMENTS (KOHA)
Item type Book - Borrowing
Call number prefix 628.168GRO
Holdings
Withdrawn status Item status Damaged status Not for loan Home library Current library Shelving location Date acquired Source of acquisition Total Checkouts Full call number Barcode Date last seen Cost, replacement price Koha item type
        Central Library Central Library First floor 26/05/2008 Purchase   628.168GRO 000011430 15/07/2025 439.60 Book - Borrowing